Kvalita štatutárneho auditu na Slovensku

Štatutárni audítori a audítorské spoločnosti na Slovensku a systém zabezpečenia kvality. Zabezpečenie objektivity a nezávislosti od audítorskej profesie. Inštitucionálne zabezpečenie previerok kvality štatutárneho auditu na Slovensku. Zvýšenie informovanosti o problematike previerok zabezpečenia kva...

Full description

Saved in:
Bibliographic Details
Main Author: Domaracká, Denisa
Format: Book Chapter
Language:Slovak
Subjects:
Tags: Add Tag
No Tags, Be the first to tag this record!

MARC

LEADER 00000naa a2200000 4500
001 0289901
005 20240502074439.5
041 0 |a slo 
044 |a SK 
245 1 0 |a Kvalita štatutárneho auditu na Slovensku  |c Denisa Domaracká 
520 |a Štatutárni audítori a audítorské spoločnosti na Slovensku a systém zabezpečenia kvality. Zabezpečenie objektivity a nezávislosti od audítorskej profesie. Inštitucionálne zabezpečenie previerok kvality štatutárneho auditu na Slovensku. Zvýšenie informovanosti o problematike previerok zabezpečenia kvality štatutárnych auditov, vysvetlenie súvisiacej právnej úpravy a dôvodu jej prijatia. Výsledky z uskutočnených previerok zabezpečenia kvality štatutárneho auditu. 
610 2 0 |a audit 
610 2 0 |a kvalita 
610 2 0 |a Slovensko 
610 2 0 |a legislatíva 
610 2 0 |a smernice 
610 2 0 |a jednotka účtovná 
610 2 0 |a kontrola 
100 1 |a Domaracká, Denisa